00541nam a22001457a 4500022001500000082002100015100002500036245011100061260004100172300001600213526003700229942001200266999001900278952009800297 a0821327534 a363.7392bBATcD aRobin Bates.,938192 aAlternative polices for the control of air pollution in poland/cRobin Bates, Janusz Cofala. Michael Toman aWashington:bThe World Bank,cc1994. aix, 73 p. : a0b0c0d363_739200000000000_BAT 2ddccBK c542839d542839 00102ddc4070aMCEbMCEd2014-02-20l0o363.7392 BATpMCE-43284r2014-02-20w2014-02-20yBK